Cerámica con alma : talleres de capacitación a los artesanos alfareros de San Miguel de Porotos (Pacchapamba y Jatumpamba) /

Detalles Bibliográficos
Autores principales: Sanmartín Tamayo, José Salvador (Autor), Pesántez Palacios, Carlos Julio (Autor)
Formato: Electrónico eBook
Lenguaje:español
Publicado: Cuenca, Ecuador : Universidad del Azuay, Casa Editora, [2018]
Materias:
Acceso en línea:Digitalia Hispánica

MARC

LEADER 00000nam a2200000 i 4500
001 DIGUAZUAY0044
003 NyNyDIG
007 cr |||||||||||
008 251215s2018 ec o ob 000 0 spa d
006 m o d
035 |a (OCoLC)1564457405 
040 |a DGITA  |b eng  |e rda  |e pn  |c DGITA 
020 |a 9789942778543  |q eBook 
020 |z 9789942778512 
043 |a s-ec--- 
050 1 4 |a NK4071 ebook 
100 1 |a Sanmartín Tamayo, José Salvador,  |e author. 
245 1 0 |a Cerámica con alma :  |b talleres de capacitación a los artesanos alfareros de San Miguel de Porotos (Pacchapamba y Jatumpamba) /  |c autores, José Salvador Sanmartín Tamayo, Carlos Julio Pesántez Palacios. 
264 1 |a Cuenca, Ecuador :  |b Universidad del Azuay, Casa Editora,  |c [2018] 
300 |a 1 online resource :  |b color photographs. 
336 |a text  |b txt  |2 rdacontent 
337 |a computer  |b c  |2 rdamedia 
338 |a online resource  |b cr  |2 rdacarrier 
347 |a text file  |2 rdaft 
347 |b PDF 
504 |a Includes bibliographical references. 
588 0 |a Online resource; title from PDF title page (Digitalia, viewed December 15, 2025) 
650 0 |a Pottery, Ecuadorian  |x Study and teaching. 
650 0 |a Ceramics  |z Ecuador. 
700 1 |a Pesántez Palacios, Carlos Julio,  |e author. 
791 2 |a Digitalia (Firm),  |e distributor. 
793 0 |g Digitalia eBook Collection:  |a Universidad del Azuay 
776 0 8 |i Print version:  |a Sanmartín Tamayo, José Salvador.  |t Cerámica con alma.  |d Cuenca, Ecuador : Universidad del Azuay, Casa Editora, [2018]  |z 9789942778512 
856 4 0 |3 Digitalia Hispánica  |u https://www.digitaliapublishing.com/a/133427/ 
910 |a Premium collection: 2025